Corduroy - Boywithuke - Statistics

General Stats
  • This quiz has been taken 16 times
    15 since last reset
  • The average score is 389 of 499
Answer Stats
Lyrics % Correct
a
100%
an
100%
and
100%
And
100%
arms
100%
be
100%
can
100%
Daddy
100%
death
100%
did
100%
Did
100%
do,
100%
do
100%
don't
100%
free
100%
friend
100%
friend,
100%
had
100%
have
100%
haven't
100%
I
100%
in
100%
In
100%
(In
100%
it
100%
It
100%
I've
100%
like
100%
me
100%
my
100%
My
100%
no
100%
old
100%
on
100%
one
100%
open
100%
see
100%
seen
100%
Since
100%
terrible
100%
that
100%
the
100%
then,
100%
things
100%
to
100%
was
100%
was,
100%
welcome
100%
when
100%
When
100%
who
100%
with
100%
Verse 6 With
100%
you
100%
You
100%
young,
100%
young
100%
bad
89%
better
89%
blood
89%
blood)
89%
But
89%
but
89%
cannot
89%
days
89%
detect
89%
detest
89%
emotion
89%
enough
89%
even
89%
feel
89%
flesh
89%
for
89%
For
89%
harms
89%
I'd
89%
Verse 1 Indifferent
89%
leave
89%
Leave
89%
let
89%
Maybe
89%
might
89%
not
89%
of
89%
own
89%
people
89%
pleasant,
89%
say
89%
so
89%
So
89%
think
89%
this
89%
way
89%
Verse 3 While
89%
all
78%
Any
78%
anything
78%
are
78%
are,
78%
at
78%
breath,
78%
can't
78%
control
78%
end
78%
felt
78%
final
78%
head
78%
hoping
78%
I'm
78%
it's
78%
It's
78%
know
78%
never
78%
panic
78%
present
78%
some
78%
thoughts
78%
thoughts,
78%
wave
78%
what
78%
abandoning
67%
Anxiously
67%
atmosphere
67%
because
67%
certainty
67%
chest
67%
cries
67%
die,
67%
die
67%
Die
67%
ever
67%
every
67%
everything
67%
familiarity
67%
finally
67%
head's
67%
help
67%
here,
67%
here
67%
I'll
67%
imagine
67%
is
67%
life
67%
life,
67%
live
67%
movies,
67%
need
67%
or
67%
out
67%
peace
67%
pure
67%
rewatch
67%
room
67%
safer
67%
scene
67%
someone
67%
something
67%
spinning
67%
steps,
67%
strength
67%
suddenly
67%
want
67%
without
67%
won't
67%
before
56%
Buried
56%
cause
56%
corduroy
56%
corduroy?
56%
deep
56%
dreams
56%
fabric
56%
fear
56%
fingers
56%
hits
56%
issues
56%
jacket
56%
made
56%
more
56%
please
56%
safety's
56%
that's
56%
touch
56%
walls
56%
where
56%
why
56%
within
56%
would
56%
again
44%
again,
44%
climb
44%
down
44%
from
44%
Verse 7 From
44%
hands
44%
just
44%
ledge
44%
once
44%
Reminding
44%
saw
44%
saw?
44%
sweating
44%
sweet
44%
threatening
44%
your
44%
Your
44%
you're
44%
away
33%
behind,
33%
boy,
33%
Brentwood
33%
call
33%
choose
33%
dead
33%
everybody
33%
finish
33%
gag?
33%
go
33%
home,
33%
make
33%
mind,
33%
pick
33%
pieces
33%
pollutions
33%
really
33%
'shrooms
33%
soul,
33%
sour
33%
stand
33%
time,
33%
tripping
33%
unresolved
33%
up
33%
waiting
33%
wear
33%
Verse 8 Yeah,
33%
youth
33%
afraid
22%
ask?
22%
back
22%
cut
22%
ends
22%
Verse 10 Hello
22%
Hello,
22%
lose
22%
madness
22%
myself
22%
Remember
22%
Stuck
22%
television
22%
two
22%
understand
22%
you'd
22%
forget
11%
got
11%
nice
11%
none
11%
apart
0%
facade
0%
heart
0%
parts
0%
spilling
0%
tell
0%
true,
0%
No matching quizzes found
Score Distribution
Percent of People with Each Score
Percentile by Number Answered
Your Score History
You have not taken this quiz since the last reset